Ratio und Charisma: Ansätze u. Ausbildung e. philos. u. wissenschaftl. Weltverständnisses im Moskauer Russland

Saved in:  
Bibliographic Details
Main Author: Seebohm, Thomas M. 1934-2014 (Author)
Format: Print Book
Language:German
Subito Delivery Service: Order now.
Check availability: HBZ Gateway
WorldCat: WorldCat
Interlibrary Loan:Interlibrary Loan for the Fachinformationsdienste (Specialized Information Services in Germany)
Published: Bonn Bouvier 1977
In: Mainzer philosophische Forschungen (17)
Year: 1977
Edition:1. Aufl.
Series/Journal:Mainzer philosophische Forschungen 17
Standardized Subjects / Keyword chains:B Russia / Intellectual history
B Russia / Philosophy
B Soviet Union / Philosophy
Further subjects:B Jahrhundert, 15. / Religion
B Jahrhundert, 16. / Religion
B Translation
B Geistes- und Kulturleben / Jahrhundert, 16.
B Geistes- und Kulturgeschichte
B Geistes- und Kulturleben / Jahrhundert, 15.
B Jahrhundert, 15. / Philosophy
B Thesis
B Orthodoxe Theologiegeschichte
B Jahrhundert, 16. / Philosophy
B Heresy
B Russisch-orthodoxe Kirche
B Philosophy
B Soviet Union
Online Access: Table of Contents

MARC

LEADER 00000cam a2200000 c 4500
001 039685543
003 DE-627
005 20260207194830.0
007 tu
008 950803s1977 gw ||||| m 00| ||ger c
015 |a 77,N47,0024  |2 dnb 
015 |a 78,A14,0103  |2 dnb 
016 7 |a 780147111  |2 DE-101 
020 |a 3416009789  |9 3-416-00978-9 
035 |a (DE-627)039685543 
035 |a (DE-603)079755356 
035 |a (DE-576)00628762X 
035 |a (DE-599)GBV039685543 
035 |a (OCoLC)4131630 
035 |a (OCoLC)310803723 
035 |a (OCoLC)185524383 
035 |a (DE-604)8032794061 
040 |a DE-627  |b ger  |c DE-627  |e rakwb 
041 |a ger 
044 |c XA-DE 
082 0 |a 190.947 SEE  |q OCLC 
084 |a 03a  |a 02a  |a 14a  |a 01a  |2 sdnb 
084 |a 0  |2 ssgn 
084 |a CD 1200  |2 rvk  |0 (DE-625)rvk/17723: 
084 |a CI 7350  |2 rvk  |0 (DE-625)rvk/18585: 
084 |a CE 5200  |2 rvk  |0 (DE-625)rvk/17983: 
084 |a BF 1410  |2 rvk  |0 (DE-625)rvk/10868: 
084 |2 rvk  |0 (DE-625)rvk17723 
084 |a KH 1050  |2 rvk  |0 (DE-625)rvk/76223: 
100 1 |0 (DE-588)123673208  |0 (DE-627)082699232  |0 (DE-576)163024669  |4 aut  |a Seebohm, Thomas M.  |d 1934-2014 
109 |a Seebohm, Thomas M. 1934-2014  |a Seebohm, Thomas 1934-2014  |a Seebohm, Thomas William Mulvany 1934-2014  |a Seebohm, Thomas Mulvany 1934-2014 
245 1 0 |a Ratio und Charisma  |b Ansätze u. Ausbildung e. philos. u. wissenschaftl. Weltverständnisses im Moskauer Russland  |c Thomas M. Seebohm 
250 |a 1. Aufl. 
264 1 |a Bonn  |b Bouvier  |c 1977 
300 |a XIV, 766 S. 
336 |a Text  |b txt  |2 rdacontent 
337 |a ohne Hilfsmittel zu benutzen  |b n  |2 rdamedia 
338 |a Band  |b nc  |2 rdacarrier 
490 1 |a Mainzer philosophische Forschungen  |v 17 
500 |a Literaturverz. S. 598 - 615 
500 |a Teilw. zugl.: Mainz, Univ., Habil.-Schr., 1969 
502 |a Teilw. zugl.: Mainz, Univ., Habil.-Schr., 1969 
505 8 |a Literaturverz. S. 598 - 615 
505 8 |a Literaturverz. S. 598 - 615 
583 1 |a Archivierung/Langzeitarchivierung gewährleistet  |f SSG  |x XA-DE-BW  |2 pdager  |5 DE-21 
601 |a Charisma 
601 |a Ausbildung 
601 |a Wissenschaftler 
650 4 |a Philosophie 
650 4 |a Übersetzung 
650 4 |a Häresie 
650 4 |a Jahrhundert, 15. / Religion 
650 4 |a Jahrhundert, 15. / Philosophie 
650 4 |a Jahrhundert, 15. / Geistes- und Kulturleben 
650 4 |a Jahrhundert, 16. / Religion 
650 4 |a Jahrhundert, 16. / Geistes- und Kulturleben 
650 4 |a Jahrhundert, 16. / Philosophie 
650 4 |a Russisch-orthodoxe Kirche 
650 4 |a Orthodoxe Theologiegeschichte 
650 4 |a Geistes- und Kulturgeschichte 
651 4 |a Sowjetunion 
655 7 |a Hochschulschrift  |0 (DE-588)4113937-9  |0 (DE-627)105825778  |0 (DE-576)209480580  |2 gnd-content 
689 0 0 |d g  |0 (DE-588)4076899-5  |0 (DE-627)104251980  |0 (DE-576)209203366  |2 gnd  |a Russland 
689 0 1 |q z  |2 gnd  |a Geistesgeschichte 
689 0 |5 (DE-627) 
689 1 0 |d g  |0 (DE-588)4076899-5  |0 (DE-627)104251980  |0 (DE-576)209203366  |2 gnd  |a Russland 
689 1 1 |d s  |0 (DE-588)4045791-6  |0 (DE-627)106200259  |0 (DE-576)209066873  |2 gnd  |a Philosophie 
689 1 |5 (DE-627) 
689 2 0 |d g  |0 (DE-588)4077548-3  |0 (DE-627)104152052  |0 (DE-576)20920558X  |2 gnd  |a Sowjetunion 
689 2 1 |d s  |0 (DE-588)4045791-6  |0 (DE-627)106200259  |0 (DE-576)209066873  |2 gnd  |a Philosophie 
689 2 |5 (DE-627) 
751 |a Mainz  |0 (DE-588)4037124-4  |0 (DE-627)106239201  |0 (DE-576)209022329  |4 uvp 
830 0 |a Mainzer philosophische Forschungen  |v 17  |9 17  |w (DE-627)129385611  |w (DE-576)001070681  |w (DE-600)183958-5  |x 0076-2776  |7 am 
856 4 2 |u http://d-nb.info/780147111/04  |m B:DE-101  |q pdf/application  |v 20161126003402  |x Verlag  |3 Inhaltsverzeichnis  |7 1 
856 4 2 |u http://scans.hebis.de/HEBCGI/show.pl?07975535_toc.pdf  |m V:DE-605  |q application/pdf  |3 Inhaltsverzeichnis  |7 1 
889 |w (DE-627)023280999 
935 |a mteo 
935 |i Blocktest 
935 |h HEB  |i 0501 
935 |h HEB  |i 0503 
936 r v |a CD 1200  |b Osteuropa  |k Philosophie  |k Geschichte der Philosophie  |k Geschichte der Philosophie des Abendlandes von Antike bis 20. Jahrhundert  |k Epochenübergreifende Regionalgeschichten der abendländischen Philosophie  |k Osteuropa  |0 (DE-627)1270639390  |0 (DE-625)rvk/17723:  |0 (DE-576)200639390 
936 r v |a CI 7350  |b Geschichte  |k Philosophie  |k Geschichte der Philosophie  |k Geschichte der Philosophie des Abendlandes von Antike bis 20. Jahrhundert  |k Philosophie des 20. Jahrhunderts  |k Russland, ehem. Sowjetunion und slawischer Sprachraum  |k Geschichte  |0 (DE-627)127064999X  |0 (DE-625)rvk/18585:  |0 (DE-576)20064999X 
936 r v |a CE 5200  |b Regional  |k Philosophie  |k Geschichte der Philosophie  |k Geschichte der Philosophie des Abendlandes von Antike bis 20. Jahrhundert  |k Philosophie der Neuzeit  |k Geschichte  |k Regional  |0 (DE-627)1270644807  |0 (DE-625)rvk/17983:  |0 (DE-576)200644807 
936 r v |a BF 1410  |b Übriges Europa  |k Theologie und Religionswissenschaften  |k Philosophie  |k Philosophiegeschichte  |k Philosophiegeschichte nach Ländern  |k Übriges Europa  |0 (DE-627)127071967X  |0 (DE-625)rvk/10868:  |0 (DE-576)20071967X 
936 r v |0 (DE-625)rvk17723 
936 r v |a KH 1050  |b Geistes- und Ideengeschichte  |k Slawistik  |k Russische Sprache und Literatur  |k Russische Literatur  |k Grenzbereiche der literarischen Forschung  |k Geistes- und Ideengeschichte  |0 (DE-627)1271007371  |0 (DE-625)rvk/76223:  |0 (DE-576)201007371 
936 s n |a b100  |2 mzub 
936 s n |a c100  |2 mzub 
936 s n |a k100  |2 mzub 
951 |a BO 
ELC |b 1 
ITA |a 1  |t 1 
LOK |0 000 xxxxxcx a22 zn 4500 
LOK |0 001 3122758334 
LOK |0 003 DE-627 
LOK |0 004 039685543 
LOK |0 005 19971110000000 
LOK |0 008 971110||||||||||||||||ger||||||| 
LOK |0 040   |a DE-21  |c DE-627  |d DE-21 
LOK |0 852   |a DE-21 
LOK |0 852 1  |c 18 A 3030  |9 00 
LOK |0 935   |a kram  |a konv 
LOK |0 939   |a 10-11-97  |b l01 
LOK |0 000 xxxxxcx a22 zn 4500 
LOK |0 001 3122758415 
LOK |0 003 DE-627 
LOK |0 004 039685543 
LOK |0 005 20100406203655 
LOK |0 008 050820||||||||||||||||ger||||||| 
LOK |0 040   |a DE-21-46  |c DE-627  |d DE-21-46 
LOK |0 541   |e 78/44 
LOK |0 689   |a s  |0 1311387951  |a Weltververständnis 
LOK |0 689   |a s  |0 1311375279  |a Rußland 
LOK |0 689   |a s  |0 1311365311  |a Wissenschaft 
LOK |0 852   |a DE-21-46 
LOK |0 852 1  |c B 6/1977,1  |m p  |9 00 
LOK |0 935   |a k046 
LOK |0 938   |k p 
LOK |0 939   |a 20-08-05  |b l01 
ORI |a TA-MARC-ixtheoa001.raw 
REL |a 1 
STA 0 0 |a Heresy,Heresy,Heterodoxy,Heresy,Intellectual history,History of thought,Philosophy,Philosophy in literature,Russia,Russia,Russia,Northwestern Russia,Soviet Union,Translation,Translations 
STB 0 0 |a Histoire intellectuelle,Hérésie,Hérésies chrétiennes,Hérésie,Philosophie,Philosophie,Russie,Traduction,Traductions 
STC 0 0 |a Filosofía,Filosofía,Herejía,Herejía,Herejía,Historia intelectual,Rusia,Traducción 
STD 0 0 |a Eresia,Eresia,Filosofia,Filosofia,Russia,Storia dello spirito,Traduzione 
STE 0 0 |a 哲学,异端,异端,精神史,翻译 
STF 0 0 |a 哲學,異端,異端,精神史,翻譯 
STG 0 0 |a Filosofia,Filosofia,Heresia,Heresia,História intelectual,Rússia,Tradução 
STH 0 0 |a Ересь (мотив),Ересь,История духа,Перевод (лингвистика),Россия (мотив),Философия (мотив),Философия 
STI 0 0 |a Αίρεση (μοτίβο),Αίρεση,Μετάφραση,Πνευματική ιστορία,Ρωσία (μοτίβο),Φιλοσοφία (μοτίβο),Φιλοσοφία 
SUB |a REL 
SYE 0 0 |a Philosophy,Philosophieren , Sprachübersetzung,Translation,Textübersetzung,Übersetzen,Übertragung,Sprachmitteln,Sprachmittlung , Irrlehre,Ketzerei,Heterodoxie 
SYF 0 0 |a USSR,Soviet Union,SSSR,UdSSR,Union der Sozialistischen Sowjetrepubliken , UdSSR,Asiatische Sowjetunion,UdSSR,SSSR,Republik-Republik Kesatuan Soviet Sosialis,Sojuz Sovetskich Socialističeskich Respublik,Union der Sozialistischen Sowjet-Republiken,Union der SSR,Union of Soviet Socialist Republics,USSR,Union des Républiques Socialistes Soviétiques,URSS,Russland,Russia,Padomju Sociālistiko Republiku Savienība,PSRS,SSṘM,ZSSR,TSRS,Savez Sovjetskih Socijalističkih Republika,Soviet Union,SSHM,Sojuz Radjans'kich Sozialističnich Respublik,SRSR,Şyra Sosjalist Cumhyrijjẹtlẹri Ittifakĭ,Šura Socialist Gümhurietleri Ittipaky,Šura Sosyalist Ǧümhuriyetleri Ittifaqï,SSCB 
SYG 0 0 |a Russia,Rußland,Russische Föderation,Russische SFSR,Russisches Reich , Europäisches Russland,Evropejskaja častʹ Rossii,Rußland,Krievija,Federazione Russa,RF,Großrussland,Großrußland,Russia,Rossijskaja Imperija,Russie,Empire de Russie,Russian Federation,Federacja Rosyjska,Rosja,Rossija,Rossijskaja Federacija,Russische Föderation,RF,Russia,Russland,Russisches Reich , Russia,Rußland,Russische Föderation,Russische SFSR,Russisches Reich , Europäisches Russland,Evropejskaja častʹ Rossii,Rußland,Krievija,Federazione Russa,RF,Großrussland,Großrußland,Russia,Rossijskaja Imperija,Russie,Empire de Russie,Russian Federation,Federacja Rosyjska,Rosja,Rossija,Rossijskaja Federacija,Russische Föderation,RF,Russia,Russland,Russisches Reich , Philosophy,Philosophieren , USSR,Soviet Union,SSSR,UdSSR,Union der Sozialistischen Sowjetrepubliken , UdSSR,Asiatische Sowjetunion,UdSSR,SSSR,Republik-Republik Kesatuan Soviet Sosialis,Sojuz Sovetskich Socialističeskich Respublik,Union der Sozialistischen Sowjet-Republiken,Union der SSR,Union of Soviet Socialist Republics,USSR,Union des Républiques Socialistes Soviétiques,URSS,Russland,Russia,Padomju Sociālistiko Republiku Savienība,PSRS,SSṘM,ZSSR,TSRS,Savez Sovjetskih Socijalističkih Republika,Soviet Union,SSHM,Sojuz Radjans'kich Sozialističnich Respublik,SRSR,Şyra Sosjalist Cumhyrijjẹtlẹri Ittifakĭ,Šura Socialist Gümhurietleri Ittipaky,Šura Sosyalist Ǧümhuriyetleri Ittifaqï,SSCB , Philosophy,Philosophieren 
TIM |a 000000000000_100019171231  |b  - 1917